HF5549.5 (Record no. 4041)

MARC details
000 -LEADER
fixed length control field 00379nam a22001457a 4500
008 - FIXED-LENGTH DATA ELEMENTS--GENERAL INFORMATION
fixed length control field 250702b |||||||| |||| 00| 0 eng d
020 ## - INTERNATIONAL STANDARD BOOK NUMBER
ISBN 9780557187
100 ## - MAIN ENTRY--AUTHOR
Author Anthony Obi Emeka
245 ## - TITLE STATEMENT
Title HF5549.5
Remainder of title .A58
260 ## - PUBLICATION, DISTRIBUTION, ETC. (IMPRINT)
Place of publication Onitsha
Name of publisher Bookpoint ltd
Date of publication 2022
300 ## - COLLATION
Pagination viii, 312p.
650 ## - TRACINGS
Main Subject Employee motivation
Subdivision (1st) Employees-psychology
942 ## - ADDED ENTRY ELEMENTS (KOHA)
Item type Books
050 ## - LIBRARY OF CONGRESS CALL NUMBER
Classification number HF5549.5
Item number .A58

No items available.